[Event "54th POL-ch"]
[Site "Sopot POL"]
[Date "1997.03.??"]
[Round "1"]
[White "Gdanski, Jacek"]
[Black "Sapis, Witalis"]
[Result "1-0"]
[WhiteElo "2485"]
[BlackElo "2430"]
[EventDate "1997.03.18"]
[PlyCount "99"]

1.e4 c6 2.d4 d5 3.Nc3 dxe4 4.Nxe4 Bf5 5.Ng3 Bg6 6.h4 h6 7.Nf3 Nd7 8.h5 Bh7
9.Bd3 Bxd3 10.Qxd3 Ngf6 11.Bd2 Qc7 12.O-O-O e6 13.Ne4 O-O-O 14.g3 Nc5 15.
Nxc5 Bxc5 16.c4 Bb6 17.Bf4 Qe7 18.Qe2 Rhe8 19.Rh4 c5 20.Qe5 Nd7 21.Qxg7 
Rg8 22.Qxh6 cxd4 23.Ne5 f6 24.Ng6 Qc5 25.Kb1 e5 26.Bc1 Rge8 27.Qg7 e4 28.
h6 e3 29.fxe3 dxe3 30.Rd5 e2 31.Rxc5+ Nxc5 32.Ne7+ Kb8 33.Rh1 Rd1 34.Qg4 
e1=Q 35.Rxe1 Rxe1 36.h7 Nd3 37.Kc2 Nxc1 38.Qg8 Rxe7 39.h8=Q Rxg8 40.Qxg8+ 
Kc7 41.Kxc1 Be3+ 42.Kc2 Bg5 43.c5 Re5 44.b4 a5 45.a3 axb4 46.axb4 b6 47.
Qa8 bxc5 48.b5 Re6 49.Qa7+ Kd6 50.b6 1-0

[Event "54th POL-ch"]
[Site "Sopot POL"]
[Date "1997.03.??"]
[Round "1"]
[White "Grabarczyk, Miroslaw"]
[Black "Kempinski, Robert"]
[Result "1/2-1/2"]
[WhiteElo "2480"]
[BlackElo "2515"]
[EventDate "1997.03.18"]
[PlyCount "104"]

1.d4 Nf6 2.c4 g6 3.g3 Bg7 4.Bg2 d5 5.cxd5 Nxd5 6.Nf3 Nb6 7.O-O Nc6 8.Nc3 
Nxd4 9.Nxd4 Qxd4 10.Nb5 Qc5 11.a4 Nxa4 12.Qxa4 Bd7 13.Bxb7 Bxb5 14.Qa5 Rb8
15.Be3 Qf5 16.Bf3 a6 17.Qxc7 O-O 18.Qxe7 Bxb2 19.Rad1 Qf6 20.Qxf6 Bxf6 21.
Bd4 Bxd4 22.Rxd4 Rfd8 23.Rxd8+ Rxd8 24.Ra1 Kf8 25.Kf1 Rd2 26.Ke1 Rb2 27.
Kd1 Ke7 28.Kc1 Rb4 29.e3 Ra4 30.Rxa4 Bxa4 31.Bd5 Be8 32.Kb2 Kd6 33.Bc4 a5 
34.Kc3 Kc5 35.e4 f6 36.h4 Bc6 37.Bg8 h6 38.f3 g5 39.Bh7 gxh4 40.gxh4 Be8 
41.Bg8 Bh5 42.f4 Bf3 43.Bh7 a4 44.Bg6 Bd1 45.Bf7 a3 46.e5 fxe5 47.fxe5 Bf3
48.Kb3 Bd5+ 49.Bxd5 Kxd5 50.Kxa3 Kxe5 51.Kb3 Kf4 52.Kc2 Kg4 1/2-1/2

[Event "54th POL-ch"]
[Site "Sopot POL"]
[Date "1997.03.??"]
[Round "2"]
[White "Grabarczyk, Bogdan"]
[Black "Grabarczyk, Miroslaw"]
[Result "1/2-1/2"]
[WhiteElo "2460"]
[BlackElo "2480"]
[EventDate "1997.03.18"]
[PlyCount "25"]

1.e4 c6 2.d4 d5 3.Nc3 dxe4 4.Nxe4 Bf5 5.Ng3 Bg6 6.h4 h6 7.Nf3 Nd7 8.h5 Bh7
9.Bd3 Bxd3 10.Qxd3 Ngf6 11.Bd2 e6 12.O-O-O Qc7 13.Qe2 1/2-1/2

[Event "54th POL-ch"]
[Site "Sopot POL"]
[Date "1997.03.??"]
[Round "2"]
[White "Kempinski, Robert"]
[Black "Jaracz, Pawel"]
[Result "1/2-1/2"]
[WhiteElo "2515"]
[BlackElo "2445"]
[EventDate "1997.03.18"]
[PlyCount "50"]

1.c4 Nf6 2.Nf3 c5 3.d4 cxd4 4.Nxd4 a6 5.Nc3 e5 6.Nc2 d6 7.e4 Be7 8.Be2 Be6
9.O-O Nbd7 10.b3 Nc5 11.f3 O-O 12.Be3 Rc8 13.Qd2 Nh5 14.Nb4 Nf4 15.Nbd5 
Bxd5 16.Nxd5 Nxd5 17.cxd5 h6 18.b4 Na4 19.Rfc1 Bg5 20.Bxg5 Qxg5 21.Qxg5 
hxg5 22.Kf2 g6 23.Ke3 Kg7 24.Kd2 f5 25.Bd3 Nb2 1/2-1/2

[Event "54th POL-ch"]
[Site "Sopot POL"]
[Date "1997.03.??"]
[Round "2"]
[White "Kuczynski, Robert"]
[Black "Gdanski, Jacek"]
[Result "1/2-1/2"]
[WhiteElo "2500"]
[BlackElo "2485"]
[EventDate "1997.03.18"]
[PlyCount "26"]

1.e4 c5 2.Nf3 Nc6 3.d4 cxd4 4.Nxd4 Nf6 5.Nc3 e5 6.Ndb5 d6 7.Bg5 a6 8.Na3 
b5 9.Nd5 Be7 10.Bxf6 Bxf6 11.c3 O-O 12.g3 Bg5 13.Bg2 Ne7 1/2-1/2

[Event "54th POL-ch"]
[Site "Sopot POL"]
[Date "1997.03.??"]
[Round "2"]
[White "Macieja, Bartlomiej"]
[Black "Myc, Marcin"]
[Result "1-0"]
[WhiteElo "2465"]
[BlackElo "2335"]
[EventDate "1997.03.18"]
[PlyCount "95"]

1.e4 d5 2.exd5 Qxd5 3.Nc3 Qa5 4.d4 Nf6 5.Nf3 Nc6 6.Bd2 Bg4 7.Nb5 Qb6 8.c4 
Bxf3 9.Qxf3 Nxd4 10.Nxd4 Qxd4 11.Qxb7 Qe4+ 12.Qxe4 Nxe4 13.Be3 e6 14.g3 f5
15.Bg2 O-O-O 16.Bxe4 Bb4+ 17.Ke2 fxe4 18.Rhd1 a6 19.c5 c6 20.Rxd8+ Rxd8 
21.Rc1 Ba5 22.Rc4 Bc7 23.Rxe4 e5 24.Rh4 Rh8 25.Rg4 Rg8 26.Rh4 Rh8 27.Kd3 
Kd7 28.Rb4 a5 29.Rb3 Rf8 30.Kc4 g6 31.a3 Ra8 32.Bh6 Ke6 33.Rf3 Rd8 34.b4 
a4 35.Bg5 Rd4+ 36.Kc3 Bd8 37.Bxd8 Rxd8 38.Rd3 Rf8 39.Rd6+ Ke7 40.f4 exf4 
41.gxf4 Rxf4 42.Rxc6 Rf3+ 43.Kc4 Rxa3 44.Rc7+ Ke6 45.Ra7 Ra1 46.Kb5 a3 47.
Kc6 h5 48.b5 1-0

[Event "54th POL-ch"]
[Site "Sopot POL"]
[Date "1997.03.??"]
[Round "2"]
[White "Maciejewski, Miroslaw"]
[Black "Urban, Klaudiusz"]
[Result "1/2-1/2"]
[WhiteElo "2355"]
[BlackElo "2490"]
[EventDate "1997.03.18"]
[PlyCount "44"]

1.e4 g6 2.Nc3 Bg7 3.f4 d6 4.Nf3 a6 5.d4 b5 6.Bd3 Nd7 7.Qe2 c5 8.dxc5 Nxc5 
9.O-O Bb7 10.Bd2 b4 11.Nd1 Nf6 12.Nf2 O-O 13.Bxb4 Ncxe4 14.Nxe4 Qb6+ 15.
Kh1 Nxe4 16.Bxe4 Qxb4 17.Bxb7 Qxb7 18.c3 Rab8 19.Rf2 e6 20.Rd1 d5 21.h4 h5
22.Nd4 Rfe8 1/2-1/2

[Event "54th POL-ch"]
[Site "Sopot POL"]
[Date "1997.03.??"]
[Round "2"]
[White "Murdzia, Piotr"]
[Black "Socko, Bartosz"]
[Result "1/2-1/2"]
[WhiteElo "2425"]
[BlackElo "2435"]
[EventDate "1997.03.18"]
[PlyCount "35"]

1.d4 Nf6 2.Nf3 g6 3.c4 Bg7 4.Nc3 O-O 5.g3 d6 6.Bg2 Nbd7 7.O-O e5 8.Qc2 c6 
9.h3 Re8 10.e4 exd4 11.Nxd4 Nc5 12.Be3 Qe7 13.Rfe1 Nfd7 14.Rad1 a5 15.b3 
Nf8 16.f4 Bd7 17.Bf2 Rad8 18.a3 1/2-1/2

[Event "54th POL-ch"]
[Site "Sopot POL"]
[Date "1997.03.??"]
[Round "2"]
[White "Sapis, Witalis"]
[Black "Pedzich, Dominik"]
[Result "1/2-1/2"]
[WhiteElo "2430"]
[BlackElo "2465"]
[EventDate "1997.03.18"]
[PlyCount "26"]

1.d4 Nf6 2.c4 g6 3.Nc3 Bg7 4.e4 d6 5.Be2 O-O 6.Bg5 c5 7.d5 a6 8.Bf4 e6 9.
dxe6 Bxe6 10.Qd2 Qb6 11.Bh6 Bxh6 12.Qxh6 Qxb2 13.Rc1 Nc6 1/2-1/2

[Event "54th POL-ch"]
[Site "Sopot POL"]
[Date "1997.03.??"]
[Round "3"]
[White "Jaracz, Pawel"]
[Black "Grabarczyk, Bogdan"]
[Result "1-0"]
[WhiteElo "2445"]
[BlackElo "2460"]
[EventDate "1997.03.18"]
[PlyCount "43"]

1.d4 f5 2.Bg5 g6 3.Nc3 d5 4.h4 Bg7 5.e3 c6 6.Bf4 Nd7 7.Nf3 Ngf6 8.Bd3 Ng4 
9.Be2 e5 10.dxe5 Ndxe5 11.Nd4 Qe7 12.Qd2 Bd7 13.Nb3 O-O-O 14.f3 Nf6 15.Qd4
Nh5 16.Qxa7 Qd6 17.Na4 Nxf4 18.Nbc5 Qb8 19.Nb6+ Kc7 20.Na6+ Kd6 21.Nxb8 
Nxg2+ 22.Kf2 1-0

[Event "54th POL-ch"]
[Site "Sopot POL"]
[Date "1997.03.??"]
[Round "3"]
[White "Socko, Bartosz"]
[Black "Sapis, Witalis"]
[Result "0-1"]
[WhiteElo "2435"]
[BlackElo "2430"]
[EventDate "1997.03.18"]
[PlyCount "92"]

1.e4 c6 2.d4 d5 3.Nd2 dxe4 4.Nxe4 Nd7 5.Bd3 Ngf6 6.Ng5 e6 7.N1f3 Bd6 8.Qe2
h6 9.Ne4 Nxe4 10.Qxe4 Nf6 11.Qe2 Qc7 12.Bd2 b6 13.O-O-O Bb7 14.Ne5 c5 15.
Bb5+ Ke7 16.dxc5 Qxc5 17.Bc3 Rhd8 18.Bd4 Qc7 19.Ng4 Nxg4 20.Qxg4 Be5 21.
Qh4+ g5 22.Bxe5 Qxe5 23.Qb4+ Qc5 24.Qxc5+ bxc5 25.f3 h5 26.h4 g4 27.Be2 f5
28.Rde1 Rd4 29.c3 Ra4 30.Bb5 Rf4 31.Re5 gxf3 32.gxf3 Kd6 33.Re3 Rxf3 34.
Rd1+ Ke7 35.Re5 Kf6 36.Rxc5 Rh3 37.Rc7 Be4 38.Rd6 Ke5 39.Ra6 Rg8 40.Rc5+ 
Kf4 41.Rd6 Rg1+ 42.Rd1 Rxd1+ 43.Kxd1 Ke3 44.Bf1 Rh1 45.Ke1 Bd3 46.Re5+ Kf4
0-1

[Event "54th POL-ch"]
[Site "Sopot POL"]
[Date "1997.03.??"]
[Round "3"]
[White "Urban, Klaudiusz"]
[Black "Kempinski, Robert"]
[Result "1/2-1/2"]
[WhiteElo "2490"]
[BlackElo "2515"]
[EventDate "1997.03.18"]
[PlyCount "82"]

1.d4 Nf6 2.c4 g6 3.Nc3 Bg7 4.e4 O-O 5.Bg5 d6 6.f3 c5 7.d5 h6 8.Be3 e6 9.
Qd2 exd5 10.cxd5 h5 11.a4 a6 12.Nge2 Nbd7 13.Nd1 Ne5 14.Nec3 Nh7 15.Be2 
Qh4+ 16.Nf2 f5 17.exf5 Bxf5 18.O-O Rae8 19.Rfe1 Qd8 20.a5 Nf6 21.Kh1 Qc7 
22.h3 Re7 23.Na4 Nf7 24.Nb6 h4 25.f4 Rfe8 26.Bf3 Nh6 27.Rac1 Ne4 28.Bxe4 
Bxe4 29.Bxc5 Bxg2+ 30.Kxg2 Rxe1 31.Rxe1 Rxe1 32.Qxe1 Qxc5 33.Qe6+ Kh7 34.
Nd7 Qd4 35.Qxd6 Nf5 36.Qc7 Qxd5+ 37.Kg1 Qd4 38.Nf8+ Kh6 39.Ne6 Qe3 40.Nxg7
Nxg7 41.Qc8 Kh7 1/2-1/2

[Event "54th POL-ch"]
[Site "Sopot POL"]
[Date "1997.03.??"]
[Round "4"]
[White "Kuczynski, Robert"]
[Black "Socko, Bartosz"]
[Result "1-0"]
[WhiteElo "2500"]
[BlackElo "2435"]
[EventDate "1997.03.18"]
[PlyCount "162"]

1.e4 e5 2.Nf3 Nc6 3.Bc4 Nf6 4.d3 Bc5 5.c3 d6 6.O-O O-O 7.Nbd2 a6 8.Bb3 Ba7
9.h3 Ne7 10.Re1 Ng6 11.Nf1 Be6 12.Ng3 h6 13.d4 Qd7 14.Be3 exd4 15.Bxd4 
Bxd4 16.Nxd4 Bxb3 17.Qxb3 Rfe8 18.Rad1 b6 19.Qc2 Rad8 20.c4 Qc8 21.Qd2 Qa8
22.f3 Kh7 23.Ndf5 Re6 24.Qc3 Rg8 25.Kh2 Ne5 26.Nf1 Nc6 27.N1e3 g6 28.Nd5 
Qd8 29.Nfe3 Ne5 30.Nf4 Ree8 31.Ned5 h5 32.Nd3 Nfd7 33.N3b4 c6 34.Nf4 a5 
35.Nc2 Qf6 36.Ne2 Nc5 37.Ne3 Nxf3+ 38.gxf3 Qxf3 39.Ng2 Qf2 40.Qg3 Qxg3+ 
41.Nxg3 Re6 42.Rf1 Rf8 43.Rd4 Kg8 44.Rfd1 Rd8 45.e5 Nb7 46.exd6 Rexd6 47.
Ne2 b5 48.Ngf4 bxc4 49.Rxd6 Rxd6 50.Rxd6 Nxd6 51.Nd4 Nb5 52.Nfe2 Na7 53.
Kg3 Kf8 54.Kf4 Ke7 55.Kg5 c5 56.Nf3 Nc6 57.a3 Nd8 58.Nf4 Ne6+ 59.Nxe6 Kxe6
60.h4 Kd5 61.Kf6 Ke4 62.Ne5 g5 63.hxg5 Kf4 64.Nxf7 h4 65.g6 h3 66.g7 h2 
67.g8=Q h1=Q 68.Qg5+ Ke4 69.Qe5+ Kd3 70.Qc3+ Ke2 71.Qxc4+ Kd2 72.Qxc5 Qf3+
73.Ke6 Qg4+ 74.Ke7 Qe4+ 75.Ne5 Qb7+ 76.Ke6 Qb3+ 77.Qd5+ Kc2 78.Qxb3+ Kxb3 
79.Nd3 Kc4 80.b4 axb4 81.axb4 Kb5 1-0

[Event "54th POL-ch"]
[Site "Sopot POL"]
[Date "1997.03.??"]
[Round "4"]
[White "Macieja, Bartlomiej"]
[Black "Pedzich, Dominik"]
[Result "1/2-1/2"]
[WhiteElo "2465"]
[BlackElo "2465"]
[EventDate "1997.03.18"]
[PlyCount "58"]

1.e4 c5 2.Nf3 Nc6 3.d4 cxd4 4.Nxd4 e5 5.Nb5 a6 6.Nd6+ Bxd6 7.Qxd6 Qf6 8.
Qxf6 Nxf6 9.Nc3 Nb4 10.Bd3 d6 11.Bg5 Nxd3+ 12.cxd3 Be6 13.f4 exf4 14.Bxf6 
gxf6 15.O-O f5 16.exf5 Bxf5 17.Rae1+ Kf8 18.Rxf4 Bxd3 19.Rd1 Bg6 20.Rxd6 
b5 21.Nd5 Kg7 22.h4 Rhd8 23.Rff6 Rac8 24.Ne3 a5 25.Kf2 b4 26.g4 Bb1 27.a3 
bxa3 28.bxa3 Rxd6 29.Rxd6 Rc3 1/2-1/2

[Event "54th POL-ch"]
[Site "Sopot POL"]
[Date "1997.03.??"]
[Round "4"]
[White "Murdzia, Piotr"]
[Black "Jaracz, Pawel"]
[Result "1-0"]
[WhiteElo "2425"]
[BlackElo "2445"]
[EventDate "1997.03.18"]
[PlyCount "77"]

1.d4 d5 2.Bg5 h6 3.Bh4 c6 4.e3 Qb6 5.Qc1 e5 6.Nf3 exd4 7.exd4 Ne7 8.Bd3 
Nf5 9.O-O Nxd4 10.Re1+ Ne6 11.c4 d4 12.Qf4 c5 13.Nbd2 Nc6 14.Qg4 g5 15.Bg3
Be7 16.Qe4 Rf8 17.a3 Qxb2 18.Rab1 Qc3 19.Qh7 Kd8 20.Qe4 g4 21.Rec1 Qa5 22.
Qxg4 Qxa3 23.Bf5 Qa6 24.Ne4 Nb4 25.Ne5 h5 26.Qh3 Ke8 27.Re1 h4 28.Bxh4 Rh8
29.Bg6 fxg6 30.Qg3 Bxh4 31.Qxg6+ Kd8 32.Nf7+ Kc7 33.Nxh8 Bd7 34.Nf7 Nd3 
35.Red1 Ndf4 36.Qf5 Rf8 37.Qe5+ Kc8 38.Nfd6+ Kd8 39.g3 1-0

[Event "54th POL-ch"]
[Site "Sopot POL"]
[Date "1997.03.??"]
[Round "4"]
[White "Myc, Marcin"]
[Black "Gdanski, Jacek"]
[Result "1/2-1/2"]
[WhiteElo "2335"]
[BlackElo "2485"]
[EventDate "1997.03.18"]
[PlyCount "83"]

1.d4 Nf6 2.c4 g6 3.Nc3 Bg7 4.e4 d6 5.f3 O-O 6.Be3 c5 7.d5 e6 8.Qd2 exd5 9.
cxd5 b6 10.a4 Na6 11.Nge2 Nb4 12.Nc1 Nh5 13.g4 Nf6 14.Nd3 Re8 15.Nf2 a6 
16.Be2 Rb8 17.O-O Nd7 18.Kh1 Bb7 19.g5 f5 20.gxf6 Nxf6 21.Nh3 Qe7 22.Nf4 
Bc8 23.Rg1 Qf7 24.Rad1 Kh8 25.Ne6 Bxe6 26.dxe6 Rxe6 27.Bc4 d5 28.exd5 Ree8
29.Bh6 Rbd8 30.Bxg7+ Kxg7 31.b3 Nh5 32.Rgf1 Qf4 33.Qxf4 Nxf4 34.d6 Nc2 35.
Rd2 Nd4 36.Ne4 b5 37.axb5 axb5 38.Nxc5 Rxd6 39.Nb7 Rb6 40.Rxd4 Rxb7 41.
Rxf4 bxc4 42.Rxc4 1/2-1/2

[Event "54th POL-ch"]
[Site "Sopot POL"]
[Date "1997.03.??"]
[Round "5"]
[White "Jaracz, Pawel"]
[Black "Sapis, Witalis"]
[Result "1/2-1/2"]
[WhiteElo "2445"]
[BlackElo "2430"]
[EventDate "1997.03.18"]
[PlyCount "25"]

1.e4 c6 2.d4 d5 3.Nd2 dxe4 4.Nxe4 Bf5 5.Ng3 Bg6 6.h4 h6 7.f4 e6 8.Nf3 Nd7 
9.h5 Bh7 10.Bd3 Bxd3 11.Qxd3 Ngf6 12.Bd2 Qc7 13.O-O-O 1/2-1/2

[Event "54th POL-ch"]
[Site "Sopot POL"]
[Date "1997.03.??"]
[Round "5"]
[White "Maciejewski, Miroslaw"]
[Black "Kempinski, Robert"]
[Result "0-1"]
[WhiteElo "2355"]
[BlackElo "2515"]
[EventDate "1997.03.18"]
[PlyCount "100"]

1.e4 c5 2.Nf3 d6 3.d4 cxd4 4.Nxd4 Nf6 5.Nc3 a6 6.f4 e5 7.Nf3 Nbd7 8.a4 Be7
9.Bd3 exf4 10.O-O O-O 11.Kh1 Ne5 12.Bxf4 Qc7 13.Bg5 Be6 14.Nxe5 dxe5 15.
Qf3 Rad8 16.Rae1 Ne8 17.Qg3 Bxg5 18.Qxg5 f6 19.Qh4 Rd4 20.Ra1 Nd6 21.Qg3 
Nc4 22.Nd1 Nb6 23.Nc3 Qc6 24.a5 Nc4 25.Bxc4 Qxc4 26.Qe1 Qb4 27.Qc1 Qd6 28.
Rf2 Rd8 29.Qg1 Bd7 30.h3 Bc6 31.Re2 Qb4 32.Qc1 Bxe4 33.Nxe4 Rxe4 34.c3 Qc4
35.Rd2 Rd3 36.Ra4 Rxh3+ 37.gxh3 Qxa4 38.Rd8+ Kf7 39.Qd2 Qc6 40.Kh2 h6 41.
b3 Rf4 42.Qd7+ Qxd7 43.Rxd7+ Kg6 44.Rxb7 e4 45.Ra7 Kf5 46.Rxg7 e3 47.Rg1 
Ke4 48.Kg3 Rf3+ 49.Kg2 Rf2+ 50.Kg3 f5 0-1

[Event "54th POL-ch"]
[Site "Sopot POL"]
[Date "1997.03.??"]
[Round "5"]
[White "Socko, Bartosz"]
[Black "Macieja, Bartlomiej"]
[Result "1/2-1/2"]
[WhiteElo "2435"]
[BlackElo "2465"]
[EventDate "1997.03.18"]
[PlyCount "107"]

1.e4 c5 2.Nf3 d6 3.d4 Nf6 4.Nc3 cxd4 5.Nxd4 g6 6.Be3 Bg7 7.f3 Nc6 8.Qd2 
O-O 9.g4 Be6 10.O-O-O Nxd4 11.Bxd4 Qa5 12.a3 Rab8 13.h4 b5 14.Nd5 Qxd2+ 
15.Rxd2 Bxd5 16.exd5 a5 17.Bh3 b4 18.axb4 axb4 19.Re1 Rb7 20.g5 Ra8 21.Rd3
Nh5 22.Bxg7 Kxg7 23.Rd4 h6 24.Bg4 Ng3 25.Kd2 hxg5 26.hxg5 Rh8 27.Ke3 Nf5+ 
28.Bxf5 gxf5 29.Kd3 Kg6 30.f4 Rh2 31.Re2 Rh1 32.Kc4 Kh5 33.Re3 Kg4 34.Kb3 
Rh2 35.Rxb4 Rxb4+ 36.Kxb4 Rxc2 37.Rxe7 Kxf4 38.Rxf7 Kxg5 39.Ka3 Rd2 40.b4 
Rxd5 41.Ka4 Rd1 42.b5 Rb1 43.Ka5 f4 44.b6 d5 45.Rd7 f3 46.Rxd5+ Kf4 47.Rd2
Ke3 48.Ra2 f2 49.Rxf2 Kxf2 50.Ka6 Ke3 51.b7 Kd4 52.Ka7 Kc5 53.b8=Q Rxb8 
54.Kxb8 1/2-1/2

[Event "54th POL-ch"]
[Site "Sopot POL"]
[Date "1997.03.??"]
[Round "5"]
[White "Urban, Klaudiusz"]
[Black "Murdzia, Piotr"]
[Result "1/2-1/2"]
[WhiteElo "2490"]
[BlackElo "2425"]
[EventDate "1997.03.18"]
[PlyCount "27"]

1.d4 Nf6 2.c4 e6 3.g3 c5 4.d5 exd5 5.cxd5 d6 6.Nc3 g6 7.Bg2 Bg7 8.Nf3 O-O 
9.O-O Re8 10.a4 a6 11.Bf4 Nh5 12.Bg5 Qb6 13.Bd2 Nf6 14.a5 1/2-1/2

[Event "54th POL-ch"]
[Site "Sopot POL"]
[Date "1997.03.??"]
[Round "6"]
[White "Gdanski, Jacek"]
[Black "Pedzich, Dominik"]
[Result "1-0"]
[WhiteElo "2485"]
[BlackElo "2465"]
[EventDate "1997.03.18"]
[PlyCount "197"]

1.e4 e5 2.Nf3 d6 3.d4 Nf6 4.Nc3 Nbd7 5.Bc4 Be7 6.O-O O-O 7.Re1 c6 8.a4 Qc7
9.b3 b6 10.d5 c5 11.a5 bxa5 12.Nb5 Qb8 13.Rxa5 a6 14.Nc3 Qc7 15.Ra2 Nb6 
16.Bd3 c4 17.bxc4 Bg4 18.h3 Bxf3 19.Qxf3 Nfd7 20.Nd1 Nxc4 21.Ne3 Nxe3 22.
Bxe3 Nc5 23.Rea1 a5 24.Bb5 Rfb8 25.Bc6 Ra7 26.Bd2 a4 27.g3 Rb6 28.Kg2 Qb8 
29.Be3 Rb1 30.Bxc5 dxc5 31.Rxb1 Qxb1 32.Rxa4 Rxa4 33.Bxa4 Qb8 34.h4 g6 35.
h5 Qd6 36.Qg4 Kg7 37.Bb5 Qf6 38.Kf1 Bd6 39.Ke2 Qe7 40.Kf3 Qf6+ 41.Ke2 Kh6 
42.hxg6 hxg6 43.Qd7 Kg7 44.Qe8 Qg5 45.Qd7 Qf6 46.Bc4 Kf8 47.Ke1 Kg7 48.Be2
Kf8 49.Bg4 Qe7 50.Qc8+ Qe8 51.Qa6 Qb8 52.Ke2 Ke7 53.Qc6 Qc7 54.Qa4 Qb7 55.
Kd3 Kf6 56.Qe8 c4+ 57.Ke2 Kg7 58.Qd7 Qxd7 59.Bxd7 Kf8 60.c3 Ke7 61.Bb5 g5 
62.Bxc4 f6 63.Ba6 Bc5 64.Kf3 Bb6 65.Kg2 Ba5 66.c4 Bb6 67.f3 Kd6 68.Kh3 Bc5
69.Kg4 Ke7 70.Kf5 Ba3 71.Bb5 Bc5 72.Bd7 Ba3 73.Be6 Bc5 74.Bg8 Bb4 75.Bh7 
Bc5 76.Bg6 Ba3 77.Bh5 Bd6 78.Bg4 Ba3 79.Bh3 Bd6 80.Bg2 Kf7 81.Bf1 Ke7 82.
Bd3 Kf7 83.Bc2 Ke7 84.Bb3 Bc5 85.Bd1 Bd6 86.Ba4 Bc5 87.Bb3 Bd6 88.g4 Bc5 
89.f4 gxf4 90.g5 fxg5 91.Kxe5 f3 92.Bd1 f2 93.Be2 g4 94.Bf1 g3 95.Kf5 Bd4 
96.e5 Bc5 97.Ke4 Ba3 98.d6+ Kd7 99.Kd5 1-0

[Event "54th POL-ch"]
[Site "Sopot POL"]
[Date "1997.03.??"]
[Round "6"]
[White "Grabarczyk, Bogdan"]
[Black "Maciejewski, Miroslaw"]
[Result "1-0"]
[WhiteElo "2460"]
[BlackElo "2355"]
[EventDate "1997.03.18"]
[PlyCount "85"]

1.e4 e5 2.Nf3 Nc6 3.Nc3 Nf6 4.Bb5 Be7 5.O-O d6 6.Nd5 O-O 7.Nxe7+ Nxe7 8.d4
Nxe4 9.dxe5 d5 10.Ng5 Bf5 11.Nxe4 Bxe4 12.Bg5 h6 13.Bh4 c6 14.Bd3 Qc7 15.
f4 Rae8 16.Qg4 Ng6 17.Bf2 Kh7 18.Bxe4 dxe4 19.Bc5 f5 20.exf6 Rxf6 21.f5 
Nf8 22.Bd4 Rf7 23.Rae1 c5 24.Bc3 Qc6 25.Re3 Kg8 26.f6 g6 27.Rfe1 Kh7 28.
Rxe4 Rxe4 29.Rxe4 h5 30.Qe2 c4 31.Rxc4 Qb6+ 32.Kh1 Ne6 33.Re4 Ng5 34.Re5 
Qxf6 35.h4 Qf1+ 36.Qxf1 Rxf1+ 37.Kh2 Nf7 38.Re7 g5 39.hxg5 Kg6 40.Rxb7 Rf2
41.Rxa7 Kxg5 42.Ra6 Kf5 43.Rf6+ 1-0

[Event "54th POL-ch"]
[Site "Sopot POL"]
[Date "1997.03.??"]
[Round "6"]
[White "Kuczynski, Robert"]
[Black "Jaracz, Pawel"]
[Result "1/2-1/2"]
[WhiteElo "2500"]
[BlackElo "2445"]
[EventDate "1997.03.18"]
[PlyCount "21"]

1.e4 e5 2.Nf3 Nc6 3.Bc4 Bc5 4.c3 Nf6 5.d3 a6 6.O-O Ba7 7.Bb3 O-O 8.Re1 Re8
9.h3 h6 10.Nbd2 Na5 11.Bc2 1/2-1/2

[Event "54th POL-ch"]
[Site "Sopot POL"]
[Date "1997.03.??"]
[Round "6"]
[White "Macieja, Bartlomiej"]
[Black "Grabarczyk, Miroslaw"]
[Result "1-0"]
[WhiteElo "2465"]
[BlackElo "2480"]
[EventDate "1997.03.18"]
[PlyCount "81"]

1.e4 e5 2.Nf3 Nc6 3.Bc4 Bc5 4.c3 Nf6 5.d3 a6 6.Nbd2 O-O 7.Bb3 Ba7 8.h3 d5 
9.O-O Re8 10.Re1 dxe4 11.Ng5 Re7 12.Ndxe4 Nxe4 13.Nxe4 h6 14.Qh5 Qf8 15.
Bg5 Be6 16.Bxe7 Qxe7 17.Bxe6 Qxe6 18.b4 Rd8 19.Qf3 f5 20.Nc5 Bxc5 21.bxc5 
Qd5 22.Qxf5 Rf8 23.Qe4 Qxc5 24.Qc4+ Qxc4 25.dxc4 Kf7 26.c5 Ke6 27.Rab1 Rb8
28.f4 Kd5 29.Rbd1+ Kxc5 30.fxe5 Re8 31.e6 Nd8 32.e7 Nf7 33.Re6 Nd6 34.Rde1
Nc8 35.Rg6 Rxe7 36.Rxe7 Nxe7 37.Rxg7 Nd5 38.g4 b5 39.h4 Kd6 40.Rg6+ Ke5 
41.Rxh6 1-0

[Event "54th POL-ch"]
[Site "Sopot POL"]
[Date "1997.03.??"]
[Round "6"]
[White "Myc, Marcin"]
[Black "Socko, Bartosz"]
[Result "0-1"]
[WhiteElo "2335"]
[BlackElo "2435"]
[EventDate "1997.03.18"]
[PlyCount "90"]

1.d4 Nf6 2.c4 g6 3.Nc3 Bg7 4.e4 d6 5.f3 O-O 6.Be3 Nc6 7.Nge2 a6 8.Qd2 Rb8 
9.h4 h5 10.Bh6 e5 11.Bxg7 Kxg7 12.O-O-O b5 13.dxe5 Nxe5 14.Nf4 bxc4 15.
Nfd5 Nxd5 16.Nxd5 Be6 17.Ne3 Qf6 18.f4 Nd3+ 19.Bxd3 cxd3 20.Qc3 Qxc3+ 21.
bxc3 Bxa2 22.Kd2 Rb2+ 23.Kxd3 Rfb8 24.Rhg1 a5 25.Nc4 Bxc4+ 26.Kxc4 a4 27.
Ra1 Re2 28.Kd3 Rbb2 29.Rxa4 Rbd2+ 30.Kc4 Rxe4+ 31.Kb3 Rxa4 32.Kxa4 Rb2 33.
Ka3 Rb8 34.Rd1 Kf6 35.Rd5 Rb1 36.Rg5 Rf1 37.g3 Kg7 38.Kb4 f5 39.Kb5 Rc1 
40.g4 fxg4 41.f5 Rxc3 42.Rxg6+ Kf7 43.Rg5 Kf6 44.Rxh5 Rc5+ 45.Kb4 Rxf5 0-1

[Event "54th POL-ch"]
[Site "Sopot POL"]
[Date "1997.03.??"]
[Round "6"]
[White "Sapis, Witalis"]
[Black "Urban, Klaudiusz"]
[Result "1/2-1/2"]
[WhiteElo "2430"]
[BlackElo "2490"]
[EventDate "1997.03.18"]
[PlyCount "24"]

1.d4 g6 2.c4 Nf6 3.Nc3 Bg7 4.e4 d6 5.Be2 O-O 6.Bg5 a6 7.Nf3 h6 8.Be3 c6 9.
h3 b5 10.e5 dxe5 11.Nxe5 Be6 12.O-O bxc4 1/2-1/2

[Event "54th POL-ch"]
[Site "Sopot POL"]
[Date "1997.03.??"]
[Round "7"]
[White "Grabarczyk, Miroslaw"]
[Black "Myc, Marcin"]
[Result "1-0"]
[WhiteElo "2480"]
[BlackElo "2335"]
[EventDate "1997.03.18"]
[PlyCount "103"]

1.d4 d5 2.c4 e6 3.Nf3 c6 4.Qc2 Bd6 5.g3 f5 6.Bg2 Nf6 7.O-O O-O 8.Bf4 Bxf4 
9.gxf4 Ne4 10.Nbd2 Nd7 11.Rac1 Qe7 12.e3 Ndf6 13.Ne5 Nxd2 14.Qxd2 Bd7 15.
b4 Be8 16.a4 a6 17.Qb2 Nd7 18.cxd5 exd5 19.b5 axb5 20.axb5 Nxe5 21.dxe5 
Bd7 22.Ra1 Be6 23.Rfd1 Rfd8 24.bxc6 bxc6 25.Qb6 Rac8 26.Ra7 Rd7 27.Rxd7 
Qxd7 28.Ra1 Rc7 29.Bf3 Kf7 30.Ra8 c5 31.Qb8 Kg6 32.Ra6 Rc6 33.Ra7 Qc8 34.
Qb5 h6 35.Qf1 Kh7 36.Qg2 Rc7 37.Rxc7 Qxc7 38.Bxd5 Qd7 39.e4 c4 40.Qf3 c3 
41.Qxc3 Bxd5 42.exd5 Qxd5 43.Qc2 Kg6 44.Qe2 Qe6 45.h3 Kf7 46.Qb5 g5 47.Kg2
Kg6 48.Kg3 h5 49.fxg5 f4+ 50.Kh4 Qa2 51.Qd3+ Kg7 52.Qd4 1-0

[Event "54th POL-ch"]
[Site "Sopot POL"]
[Date "1997.03.??"]
[Round "7"]
[White "Maciejewski, Miroslaw"]
[Black "Murdzia, Piotr"]
[Result "1/2-1/2"]
[WhiteElo "2355"]
[BlackElo "2425"]
[EventDate "1997.03.18"]
[PlyCount "27"]

1.e4 c6 2.d4 d5 3.Nc3 dxe4 4.Nxe4 Nd7 5.Bd3 Ngf6 6.Ng5 e6 7.N1f3 Bd6 8.Qe2
h6 9.Ne4 Nxe4 10.Qxe4 Nf6 11.Qe2 Qc7 12.Bd2 b6 13.a4 Bb7 14.a5 1/2-1/2

[Event "54th POL-ch"]
[Site "Sopot POL"]
[Date "1997.03.??"]
[Round "8"]
[White "Macieja, Bartlomiej"]
[Black "Urban, Klaudiusz"]
[Result "1/2-1/2"]
[WhiteElo "2465"]
[BlackElo "2490"]
[EventDate "1997.03.18"]
[PlyCount "142"]

1.e4 g6 2.d4 Bg7 3.Nf3 d6 4.c3 Nf6 5.Bd3 O-O 6.O-O c5 7.dxc5 dxc5 8.h3 Nc6
9.a4 Qc7 10.Na3 Rd8 11.Qc2 a6 12.Be3 Nd7 13.Nc4 b6 14.Nh2 Nde5 15.Be2 Be6 
16.Nxe5 Nxe5 17.Rad1 Nc4 18.Bc1 Rxd1 19.Bxd1 Na5 20.f4 Rd8 21.Qf2 Bc4 22.
Re1 Bb3 23.Bxb3 Nxb3 24.Be3 Qc6 25.e5 Qxa4 26.e6 fxe6 27.Qc2 Qc4 28.Nf3 
Nd4 29.Bxd4 cxd4 30.Qe4 Qd5 31.cxd4 Bxd4+ 32.Nxd4 Qxd4+ 33.Qxd4 Rxd4 34.
Rxe6 Rb4 35.Rxe7 Rxb2 36.Kh2 Rb3 37.Ra7 a5 38.g4 Ra3 39.Rb7 Rb3 40.Ra7 h6 
41.Kg2 Kf8 42.h4 h5 43.g5 Rb4 44.Kf3 a4 45.Ke3 b5 46.Kf3 Rc4 47.Ke3 Ke8 
48.Kf3 Rd4 49.Ra5 Rb4 50.Ra7 Kf8 51.Ke3 Rc4 52.Kf3 Rc5 53.Ke3 Rf5 54.Ke4 
Rf7 55.Ra5 Rf5 56.Ra7 Kg8 57.Ra5 Kg7 58.Ke3 Kf7 59.Ke4 Rc5 60.Kd4 Rf5 61.
Ke4 Ke7 62.Ra7+ Kf8 63.Ra8+ Kg7 64.Ra5 Rc5 65.Ra7+ Kg8 66.Kd4 Rc8 67.Ke5 
Rc5+ 68.Kf6 Rc6+ 69.Ke5 Rc5+ 70.Kf6 Rc6+ 71.Ke5 Rc5+ 1/2-1/2

[Event "54th POL-ch"]
[Site "Sopot POL"]
[Date "1997.03.??"]
[Round "8"]
[White "Murdzia, Piotr"]
[Black "Kempinski, Robert"]
[Result "1/2-1/2"]
[WhiteElo "2425"]
[BlackElo "2515"]
[EventDate "1997.03.18"]
[PlyCount "25"]

1.d4 Nf6 2.c4 g6 3.Nf3 Bg7 4.g3 d5 5.Bg2 dxc4 6.Na3 c5 7.O-O Nc6 8.Qa4 Qa5
9.Qxa5 Nxa5 10.Bd2 Nc6 11.dxc5 Ne4 12.Nxc4 Nxc5 13.Rac1 1/2-1/2

[Event "54th POL-ch"]
[Site "Sopot POL"]
[Date "1997.03.??"]
[Round "8"]
[White "Sapis, Witalis"]
[Black "Maciejewski, Miroslaw"]
[Result "1-0"]
[WhiteElo "2430"]
[BlackElo "2355"]
[EventDate "1997.03.18"]
[PlyCount "75"]

1.d4 Nf6 2.c4 g6 3.Nc3 Bg7 4.g3 O-O 5.Bg2 d6 6.Nf3 Nc6 7.O-O a6 8.b3 Rb8 
9.Bb2 b5 10.cxb5 axb5 11.Rc1 b4 12.Na4 Na7 13.Qc2 c6 14.Ne1 Qa5 15.Nd3 Bh6
16.f4 Qh5 17.Qd2 Bh3 18.Bxh3 Qxh3 19.Nf2 Qh5 20.Rc4 Rb5 21.d5 Rxd5 22.Qe3 
Nc8 23.Rxc6 e5 24.Qf3 Qxf3 25.exf3 Ne7 26.Rc4 Rd2 27.Rd1 Rxd1+ 28.Nxd1 Nd7
29.Rxb4 exf4 30.gxf4 Nd5 31.Rd4 N7f6 32.Nac3 Nxf4 33.Rxd6 Re8 34.Rxf6 Re1+
35.Kf2 Nd3+ 36.Kg3 Bg7 37.Rd6 Nxb2 38.Rd8+ 1-0